00827nam a2200229Ia 4500003000400000005001700004008004100021020001800062040000700080041000800087082002200095100003000117245007600147260005800223300001600281365001300297650003100310906008600341942001200427999001900439952013900458OSt20230518100723.0210423s2013 xx 000 0 und d a81-89301-38-1 cAL aeng a070.02 223bMIST aMISHRA (Sameer K)9107699 aTruemans specific series UGC NET/SET: mass communication and journalism aNew DelhibAtlantic Publishers and Distributorsc2013 avii,596bPB b475cINR aJournalism & Media9107700 acommunication ; journalism ; mass ; NET/SET: ; series ; specific ; Truemans ; UGC 2ddccBK c166700d166700 001040708MAJMCaSACPGbSACPGd2015-03-23eBiblios Book Pointg475.00l0o070.02 MISTpPG013201r2022-08-24 00:00:00w2021-04-26yBK